Library Logo

البحر الفئض فی شرح القصاءد لعموبن الفارض / (Record no. 213551)

000 -LEADER
fixed length control field 00543nam a22001697a 4500
003 - CONTROL NUMBER IDENTIFIER
control field BD-DhUL
005 - DATE AND TIME OF LATEST TRANSACTION
control field 20170821102503.0
008 - FIXED-LENGTH DATA ELEMENTS--GENERAL INFORMATION
fixed length control field 170821s1323 ii ||||| |||| 00| 0 ara d
040 ## - CATALOGING SOURCE
Original cataloging agency BD-DhUL
Transcribing agency BD-DhUL
082 ## - DEWEY DECIMAL CLASSIFICATION NUMBER
Classification number 892.71
Item number IBB
100 0# - MAIN ENTRY--PERSONAL NAME
Personal name ابن الفارض
245 10 - TITLE STATEMENT
Title البحر الفئض فی شرح القصاءد لعموبن الفارض /
Statement of responsibility, etc. ابن الفارض
260 ## - PUBLICATION, DISTRIBUTION, ETC. (IMPRINT)
Place of publication, distribution, etc. کانفور :
Name of publisher, distributor, etc. الطبع الرزاقی،
Date of publication, distribution, etc. ۱۳۲۳۔
300 ## - PHYSICAL DESCRIPTION
Extent ص۔ ۱۰۶ ؛
Dimensions ۳۰ سم۔
650 0# - SUBJECT ADDED ENTRY--TOPICAL TERM
Topical term or geographic name as entry element Arabic poetry
942 ## - ADDED ENTRY ELEMENTS (KOHA)
Source of classification or shelving scheme
Koha item type Books
Holdings
Price effective from Date last seen Permanent Location Not for loan Date acquired Source of classification or shelving scheme Koha item type Lost status Withdrawn status Copy number Source of acquisition Collection code Damaged status Shelving location Barcode Current Location Full call number
2017-08-212017-08-21Dhaka University Library 2017-08-21 Books  1purchasedNon Fiction General StacksA15106Dhaka University Library892.71 IBB
Last Updated on September 15, 2019
© Dhaka University Library. All Rights Reserved|Staff Login